<?xml version="1.0" encoding="UTF-8"?>
<record
    xmlns:xsi="http://www.w3.org/2001/XMLSchema-instance"
    xsi:schemaLocation="http://www.loc.gov/MARC21/slim http://www.loc.gov/standards/marcxml/schema/MARC21slim.xsd"
    xmlns="http://www.loc.gov/MARC21/slim">

  <leader>00547nam a22001577a 4500</leader>
  <controlfield tag="008">230628b        |||||||| |||| 00| 0 eng d</controlfield>
  <datafield tag="040" ind1=" " ind2=" ">
    <subfield code="a">National Science Library</subfield>
    <subfield code="c">National Science Library</subfield>
  </datafield>
  <datafield tag="080" ind1=" " ind2=" ">
    <subfield code="a">316.752</subfield>
    <subfield code="b">P2</subfield>
  </datafield>
  <datafield tag="100" ind1="1" ind2=" ">
    <subfield code="a">Banna, Pramod</subfield>
    <subfield code="9">12472</subfield>
  </datafield>
  <datafield tag="245" ind1=" " ind2=" ">
    <subfield code="a">&#x938;&#x941;&#x916;, &#x938;&#x902;&#x924;&#x941;&#x937;&#x94D;&#x91F;&#x93F; &#x914;&#x930; &#x938;&#x92B;&#x932;&#x924;&#x93E; &#x915;&#x947; &#x938;&#x930;&#x932; &#x928;&#x93F;&#x92F;&#x92E;</subfield>
  </datafield>
  <datafield tag="246" ind1=" " ind2=" ">
    <subfield code="a">Sukh, santooshti aur safalta ke saral niyam</subfield>
    <subfield code="h">Hindi</subfield>
  </datafield>
  <datafield tag="260" ind1=" " ind2=" ">
    <subfield code="a">New Delhi: </subfield>
    <subfield code="b">Full Circle Publishing, </subfield>
    <subfield code="c">2002</subfield>
  </datafield>
  <datafield tag="300" ind1=" " ind2=" ">
    <subfield code="a">214p.</subfield>
  </datafield>
  <datafield tag="700" ind1=" " ind2=" ">
    <subfield code="a">Banna, Vijay</subfield>
  </datafield>
  <datafield tag="942" ind1=" " ind2=" ">
    <subfield code="2">udc</subfield>
    <subfield code="c">BK</subfield>
  </datafield>
  <datafield tag="999" ind1=" " ind2=" ">
    <subfield code="c">48220</subfield>
    <subfield code="d">48220</subfield>
  </datafield>
  <datafield tag="952" ind1=" " ind2=" ">
    <subfield code="0">0</subfield>
    <subfield code="1">0</subfield>
    <subfield code="2">udc</subfield>
    <subfield code="4">0</subfield>
    <subfield code="6">316752_P2</subfield>
    <subfield code="7">0</subfield>
    <subfield code="9">74063</subfield>
    <subfield code="a">NSL</subfield>
    <subfield code="b">NSL</subfield>
    <subfield code="c">REF/Rk-1/C-12/R-1</subfield>
    <subfield code="d">2004-02-12</subfield>
    <subfield code="l">0</subfield>
    <subfield code="o">316.752 P2</subfield>
    <subfield code="p">180867</subfield>
    <subfield code="r">2023-06-28 00:00:00</subfield>
    <subfield code="w">2004-02-12</subfield>
    <subfield code="y">BK</subfield>
  </datafield>
</record>
